000 01604cam a22003854a 4500
999 _c234524
_d234524
001 15611741
003 Nust
005 20170322103038.0
008 090204s2008 enka c 000 1 eng
010 _a 2009378135
020 _a9780747599876
035 _a(OCoLC)ocn299046624
040 _aCNRCS
_cCNRCS
_dOCL
_dDLC
042 _alccopycat
050 0 0 _aPZ8.R798
_bTal 2008
082 0 0 _a823
_bROW
100 1 _aRowling, J. K.
245 1 4 _aThe tales of Beedle the Bard
_cby J.K. Rowling.
246 3 _aTales of Beedle the Bard
_btranslated from the original runes by Hermione Granger
260 _aLondon :
_bChildren's High Level Group :
_bBloomsbury,
_c2008.
300 _a108 p.
_bill.
_c19 cm.
520 _aA collection fairy tales for young wizards and witches. Each story is followed by observations on Wizarding history, personal reminiscences, and information on the story's key elements by Hogwarts headmaster, Albus Dumbledore.
526 8 _aAccelerated Reader AR
_bMG
_c8.3
_d2.0
_z127341
650 0 _aFairy tales
_zEngland.
650 0 _aChildren's stories, English.
650 0 _aMagic
_vJuvenile fiction.
650 1 _aFairy tales.
650 1 _aShort stories.
650 1 _aMagic
_vFiction.
650 1 _aWizards
_vFiction.
650 1 _aWitches
_vFiction.
906 _a7
_bcbc
_ccopycat
_d2
_encip
_f20
_gy-gencatlg
942 _2ddc
_cBK